000 00501nam a2200181 a 4500
001 9366
003 CO-ViMGA
008 141112s2004 ck r 000 u spa d
040 _aCO-ViMGA
_bspa
_cCO-ViMGA
082 0 4 _a986.1 T765
245 1 0 _aTrajes historias y leyendas de Santafé.
260 _aSantafé de Bogotá :
_bfondo Cultural,
_ccafetero,
_c1995
300 _a119p. : il color
650 1 4 _aANECDOTAS
_910171
650 1 4 _aBIOGRAFIAS
_910172
650 1 4 _aHISTORIA
_910173
942 _2ddc
_cBK
999 _c20891
_d20891